| 000 | 01271naa a22003257a 4500 | ||
|---|---|---|---|
| 001 | BR7703243 | ||
| 003 | BR-BrBNA | ||
| 005 | 20240918174003.0 | ||
| 007 | ta | ||
| 008 | 230509b bl.||||| |||| 00| 0 por d | ||
| 040 |
_aBR-BrBNA _bpor _cBiblioteca Nacional de Agricultura |
||
| 041 | _a(Pt) | ||
| 072 |
_aF50; F70 _b1190 _bG514 |
||
| 090 | _aF50 BR7703243 | ||
| 100 | 1 | _aPaula, J.E. de | |
| 100 | 1 | _aHeringer, E.P. | |
| 111 | 1 |
_a26. Congresso Nacional de Botanica _cRio de Janeiro, RJ (Brazil) _d26 Jan 1975 |
|
| 245 | 1 | _aAnatomia comparada das especies Annona glabra L. e A. salzmannii dc. (Annonaceae)ocorrentes no Nordeste brasileiro (Pernambuco)[Fruta tropical; Araticum do brejo; Araticum bravo; Brasil] | |
| 260 | 3 |
_aRio de Janeiro, RJ (Brasil): _c1977. |
|
| 500 | _aTrabalhos do 26. Congresso Nacional de Botanica Rio de Janeiro, RJ (Brasil): 1977. p. 465-474 (BR7703243-AM)F50 | ||
| 650 | _aEstrutura vegetal | ||
| 650 | _aTaxonomia vegetal | ||
| 650 | _aAraticum do brejo | ||
| 650 | _aAraticum bravo | ||
| 650 | _aFolha | ||
| 650 | _aTecido vegetal | ||
| 773 | 0 |
_tTrabalhos do 26. Congresso Nacional de Botanica _wF50 BR7703243 _gRio de Janeiro, RJ (Brasil), 1977. p. 465-474 |
|
| 909 |
_a202404 _bLucia _c55 _dLucia Elande |
||
| 942 |
_cAM _2AGRIS |
||
| 999 |
_c308158 _d308158 |
||